[Event "ODJM C 2024"]
[Site "Willingen GER"]
[Date "2024.05.22"]
[Round "6"]
[White "Pawlus, Daniel"]
[Black "Muhl, Justinus"]
[Result "1-0"]
[Termination "normal"]
[Board "32"]
[WhiteElo "1060"]
[BlackElo "928"]
[WhiteClock "00:57:27"]
[BlackClock "00:44:31"]
[PlyCount "77"]
[WhiteFideId "34672320"]
[BlackFideId "34635190"]
[EventCountry "GER"]
[EventRounds "9"]
[EventType "swiss"]
[EventDate "2024.05.18"]

1. d4 {[%clk 01:30:55]} {[%emt 00:00:03]} d5 {[%clk 01:30:06]} {[%emt
00:00:55]} 2. c4 {[%clk 01:29:59]} {[%emt 00:01:26]} e5 {[%clk 01:26:27]}
{[%emt 00:04:09]} 3. dxe5 {[%clk 01:28:41]} {[%emt 00:01:49]} d4 {[%clk
01:25:04]} {[%emt 00:01:53]} 4. Nf3 {[%clk 01:26:18]} {[%emt 00:02:53]} Nc6
{[%clk 01:22:23]} {[%emt 00:03:11]} 5. Nbd2 {[%clk 01:23:06]} {[%emt 00:03:40]}
Nge7 {[%clk 01:17:53]} {[%emt 00:05:01]} 6. a3 {[%clk 01:19:22]} {[%emt
00:04:14]} Ng6 {[%clk 01:14:47]} {[%emt 00:03:35]} 7. b4 {[%clk 01:16:40]}
{[%emt 00:03:13]} Ncxe5 {[%clk 01:10:17]} {[%emt 00:05:00]} 8. Bb2 {[%clk
01:13:57]} {[%emt 00:03:13]} Nxf3+ {[%clk 01:10:10]} {[%emt 00:00:37]} 9. Nxf3
{[%clk 01:13:46]} {[%emt 00:00:41]} Be6 {[%clk 01:05:26]} {[%emt 00:05:15]} 10.
c5 {[%clk 01:12:40]} {[%emt 00:01:37]} Be7 {[%clk 01:00:29]} {[%emt 00:05:26]}
11. Nxd4 {[%clk 01:11:32]} {[%emt 00:01:38]} b6 {[%clk 00:54:14]} {[%emt
00:06:42]} 12. cxb6 {[%clk 01:09:57]} {[%emt 00:02:05]} axb6 {[%clk 00:54:08]}
{[%emt 00:00:38]} 13. Nxe6 {[%clk 01:06:58]} {[%emt 00:03:27]} fxe6 {[%clk
00:53:13]} {[%emt 00:01:26]} 14. Bxg7 {[%clk 01:06:20]} {[%emt 00:01:09]} Rg8
{[%clk 00:53:36]} {[%emt 00:00:07]} 15. Bb2 {[%clk 01:06:29]} {[%emt 00:00:20]}
Qxd1+ {[%clk 00:53:27]} {[%emt 00:00:39]} 16. Rxd1 {[%clk 01:06:51]} {[%emt
00:00:09]} Rd8 {[%clk 00:53:36]} {[%emt 00:00:21]} 17. e3 {[%clk 01:06:36]}
{[%emt 00:00:44]} Rf8 {[%clk 00:52:15]} {[%emt 00:01:51]} 18. Bb5+ {[%clk
01:05:58]} {[%emt 00:01:08]} Kf7 {[%clk 00:52:19]} {[%emt 00:00:27]} 19. O-O
{[%clk 01:05:52]} {[%emt 00:00:36]} Bf6 {[%clk 00:52:23]} {[%emt 00:00:26]} 20.
Bxf6 {[%clk 01:04:57]} {[%emt 00:01:24]} Kxf6 {[%clk 00:52:52]} 21. Rxd8 {[%clk
01:02:58]} {[%emt 00:02:24]} Rxd8 {[%clk 00:53:17]} {[%emt 00:00:12]} 22. a4
{[%clk 01:01:58]} {[%emt 00:01:30]} Ra8 {[%clk 00:51:55]} {[%emt 00:01:49]} 23.
Ra1 {[%clk 01:01:49]} {[%emt 00:00:42]} Rd8 {[%clk 00:51:16]} {[%emt 00:01:08]}
24. a5 {[%clk 00:58:57]} {[%emt 00:03:24]} Ne5 {[%clk 00:50:49]} {[%emt
00:00:57]} 25. a6 {[%clk 00:57:57]} {[%emt 00:01:30]} Nc6 {[%clk 00:51:04]}
{[%emt 00:00:15]} 26. Bxc6 {[%clk 00:58:04]} {[%emt 00:00:23]} Ke7 {[%clk
00:50:59]} {[%emt 00:00:35]} 27. a7 {[%clk 00:58:07]} {[%emt 00:00:27]} Rd6
{[%clk 00:50:28]} {[%emt 00:01:00]} 28. a8=Q {[%clk 00:58:21]} {[%emt
00:00:17]} Kf6 {[%emt 00:00:41]} 29. Qf8+ {[%clk 00:58:23]} Kg5 {[%clk
00:51:02]} {[%emt 00:00:11]} 30. Qg7+ {[%clk 00:58:43]} {[%emt 00:00:11]} Kf5
{[%clk 00:51:21]} {[%emt 00:00:10]} 31. Qxh7+ {[%emt 00:00:48]} Kf6 {[%clk
00:51:32]} {[%emt 00:00:17]} 32. b5 {[%clk 00:57:42]} {[%emt 00:01:18]} Rd8
{[%clk 00:51:37]} {[%emt 00:00:24]} 33. h3 {[%clk 00:57:56]} {[%emt 00:00:16]}
Ra8 {[%clk 00:52:00]} {[%emt 00:00:08]} 34. Rxa8 {[%clk 00:58:11]} {[%emt
00:00:15]} e5 {[%clk 00:52:25]} {[%emt 00:00:05]} 35. Rf8+ {[%clk 00:57:45]}
{[%emt 00:00:55]} Kg5 {[%clk 00:52:18]} {[%emt 00:00:36]} 36. Rg8+ {[%clk
00:57:59]} {[%emt 00:00:16]} Kf6 {[%clk 00:51:00]} {[%emt 00:01:48]} 37. Qg7+
{[%clk 00:58:19]} {[%emt 00:00:11]} Ke6 {[%clk 00:50:51]} {[%emt 00:00:39]} 38.
Re8+ {[%clk 00:57:27]} {[%emt 00:01:21]} Kd6 {[%clk 00:44:31]} {[%emt
00:06:50]} 39. Qxe5# {[%emt 00:00:50]} 1-0

[Event "ODJM C 2024"]
[Site "Willingen GER"]
[Date "2024.05.22"]
[Round "6"]
[White "Michaelis, Leon"]
[Black "Staudt, Merle"]
[Result "1-0"]
[Termination "normal"]
[Board "33"]
[WhiteElo "917"]
[BlackElo "1573"]
[WhiteClock "01:20:56"]
[BlackClock "00:53:41"]
[PlyCount "73"]
[WhiteFideId "34660542"]
[BlackFideId "34631151"]
[EventCountry "GER"]
[EventRounds "9"]
[EventType "swiss"]
[EventDate "2024.05.18"]

1. e4 {[%clk 01:30:58]} {[%emt 00:00:01]} d5 {[%clk 01:30:55]} {[%emt
00:00:06]} 2. exd5 {[%clk 01:31:21]} {[%emt 00:00:07]} Qxd5 {[%clk 01:31:19]}
{[%emt 00:00:06]} 3. Nf3 {[%clk 01:31:34]} {[%emt 00:00:17]} Bg4 {[%clk
01:31:23]} {[%emt 00:00:26]} 4. Be2 {[%clk 01:31:53]} {[%emt 00:00:11]} Nf6
{[%clk 01:26:08]} {[%emt 00:05:45]} 5. d4 {[%clk 01:32:12]} {[%emt 00:00:11]}
e6 {[%clk 01:20:27]} {[%emt 00:06:10]} 6. c4 {[%clk 01:31:48]} {[%emt
00:00:54]} Qa5+ {[%clk 01:10:35]} {[%emt 00:10:22]} 7. Nc3 {[%clk 01:31:19]}
{[%emt 00:01:00]} c6 {[%clk 01:07:42]} {[%emt 00:03:24]} 8. O-O {[%clk
01:31:05]} {[%emt 00:00:43]} Nbd7 {[%clk 01:01:56]} {[%emt 00:06:15]} 9. h3
{[%clk 01:29:32]} {[%emt 00:02:04]} Bh5 {[%clk 01:01:30]} {[%emt 00:00:56]} 10.
Bd2 {[%clk 01:25:43]} {[%emt 00:04:19]} Qc7 {[%clk 00:59:55]} {[%emt 00:02:06]}
11. Be3 {[%clk 01:24:17]} {[%emt 00:01:55]} Be7 {[%clk 00:58:42]} {[%emt
00:01:43]} 12. d5 {[%clk 01:22:17]} {[%emt 00:02:30]} exd5 {[%clk 00:57:04]}
{[%emt 00:02:07]} 13. cxd5 {[%clk 01:22:07]} {[%emt 00:00:39]} Nb6 {[%clk
00:54:41]} {[%emt 00:02:56]} 14. Bxb6 {[%clk 01:21:39]} {[%emt 00:00:57]} Qxb6
{[%emt 00:00:13]} 15. dxc6 {[%emt 00:00:31]} Rd8 {[%clk 00:53:06]} {[%emt
00:01:21]} 16. Qa4 {[%clk 01:20:57]} {[%emt 00:01:11]} Qxc6 {[%clk 00:52:25]}
{[%emt 00:01:11]} 17. Bb5 {[%clk 01:21:08]} {[%emt 00:00:20]} Qxb5 {[%clk
00:52:00]} {[%emt 00:00:55]} 18. Qxb5+ {[%emt 00:01:07]} Nd7 {[%clk 00:52:08]}
{[%emt 00:00:19]} 19. Qxh5 {[%clk 01:20:47]} {[%emt 00:00:16]} Nf6 {[%clk
00:52:18]} {[%emt 00:00:21]} 20. Qb5+ {[%clk 01:21:04]} {[%emt 00:00:13]} Nd7
{[%clk 00:52:41]} {[%emt 00:00:07]} 21. Qxb7 {[%clk 01:21:22]} {[%emt
00:00:12]} Rb8 {[%clk 00:52:40]} {[%emt 00:00:30]} 22. Qxa7 {[%clk 01:21:26]}
{[%emt 00:00:27]} Bc5 {[%clk 00:52:46]} {[%emt 00:00:24]} 23. Qa4 {[%clk
01:20:21]} {[%emt 00:01:34]} Rb4 {[%clk 00:52:48]} {[%emt 00:00:29]} 24. Qc2
{[%clk 01:20:17]} {[%emt 00:00:34]} O-O {[%clk 00:52:42]} {[%emt 00:00:35]} 25.
Rfe1 {[%clk 01:20:04]} {[%emt 00:00:43]} Rfb8 {[%clk 00:52:25]} {[%emt
00:00:47]} 26. Na4 {[%clk 01:19:35]} {[%emt 00:00:59]} Ba7 {[%clk 00:52:35]}
{[%emt 00:00:19]} 27. Qc7 {[%clk 01:18:35]} {[%emt 00:01:29]} Rxa4 {[%clk
00:52:03]} {[%emt 00:01:03]} 28. Qxd7 {[%clk 01:18:39]} {[%emt 00:00:27]} h6
{[%clk 00:52:08]} {[%emt 00:00:25]} 29. Re8+ {[%clk 01:18:49]} {[%emt
00:00:20]} Rxe8 {[%clk 00:52:28]} {[%emt 00:00:09]} 30. Qxe8+ {[%clk 01:19:10]}
{[%emt 00:00:09]} Kh7 {[%clk 00:52:56]} {[%emt 00:00:03]} 31. Qxa4 {[%clk
01:19:32]} {[%emt 00:00:08]} Bc5 {[%clk 00:52:49]} {[%emt 00:00:37]} 32. Rd1
{[%clk 01:19:49]} {[%emt 00:00:12]} Be7 {[%clk 00:52:36]} {[%emt 00:00:44]} 33.
Qe4+ {[%clk 01:20:10]} {[%emt 00:00:09]} g6 {[%clk 00:52:48]} {[%emt 00:00:18]}
34. Qxe7 {[%clk 01:20:27]} {[%emt 00:00:13]} Kg7 {[%emt 00:00:08]} 35. Ne5
{[%clk 01:20:28]} {[%emt 00:00:28]} h5 {[%clk 00:53:30]} {[%emt 00:00:11]} 36.
Qxf7+ {[%clk 01:20:33]} {[%emt 00:00:25]} Kh8 {[%clk 00:53:41]} {[%emt
00:00:20]} 37. Nxg6# {[%clk 01:20:56]} {[%emt 00:00:06]} 1-0

[Event "ODJM C 2024"]
[Site "Willingen GER"]
[Date "2024.05.22"]
[Round "6"]
[White "Giss, Annika"]
[Black "Eßers, Mathilda Marie"]
[Result "1-0"]
[Termination "normal"]
[Board "36"]
[WhiteElo "1642"]
[BlackElo "923"]
[WhiteClock "01:13:53"]
[BlackClock "00:52:08"]
[PlyCount "81"]
[WhiteFideId "34673148"]
[BlackFideId "34684093"]
[EventCountry "GER"]
[EventRounds "9"]
[EventType "swiss"]
[EventDate "2024.05.18"]

1. e4 {[%clk 01:30:59]} c5 {[%clk 01:30:50]} {[%emt 00:00:10]} 2. Nc3 {[%clk
01:31:22]} {[%emt 00:00:07]} e6 {[%clk 01:31:10]} {[%emt 00:00:10]} 3. g3
{[%clk 01:31:41]} {[%emt 00:00:11]} Nc6 {[%clk 01:31:30]} {[%emt 00:00:09]} 4.
f4 {[%clk 01:31:56]} {[%emt 00:00:16]} d6 {[%clk 01:31:53]} {[%emt 00:00:07]}
5. Bg2 {[%clk 01:32:19]} {[%emt 00:00:06]} Be7 {[%clk 01:32:02]} {[%emt
00:00:22]} 6. Nf3 {[%clk 01:32:31]} {[%emt 00:00:18]} Qc7 {[%clk 01:32:18]}
{[%emt 00:00:13]} 7. O-O {[%clk 01:32:46]} {[%emt 00:00:15]} Nf6 {[%clk
01:32:35]} {[%emt 00:00:13]} 8. d3 {[%clk 01:33:00]} {[%emt 00:00:17]} O-O
{[%clk 01:31:59]} {[%emt 00:01:02]} 9. h3 {[%clk 01:33:26]} {[%emt 00:00:08]}
Rb8 {[%clk 01:31:40]} {[%emt 00:00:49]} 10. a4 {[%clk 01:33:44]} {[%emt
00:00:12]} a6 {[%clk 01:31:30]} {[%emt 00:00:36]} 11. g4 {[%clk 01:33:55]}
{[%emt 00:00:22]} b5 {[%clk 01:29:59]} {[%emt 00:02:02]} 12. axb5 {[%clk
01:34:16]} {[%emt 00:00:08]} axb5 {[%clk 01:30:20]} {[%emt 00:00:09]} 13. f5
{[%clk 01:33:59]} {[%emt 00:00:47]} b4 {[%clk 01:29:22]} {[%emt 00:01:29]} 14.
Ne2 {[%clk 01:34:11]} {[%emt 00:00:16]} e5 {[%clk 01:29:07]} {[%emt 00:00:46]}
15. Be3 {[%clk 01:31:49]} {[%emt 00:02:54]} Nd4 {[%clk 01:26:46]} {[%emt
00:02:48]} 16. Ng3 {[%clk 01:30:57]} {[%emt 00:01:23]} h6 {[%clk 01:25:12]}
{[%emt 00:02:05]} 17. g5 {[%clk 01:30:14]} {[%emt 00:01:13]} Nxf3+ {[%clk
01:24:52]} {[%emt 00:00:50]} 18. Bxf3 {[%clk 01:26:43]} {[%emt 00:03:58]} hxg5
{[%clk 01:23:04]} {[%emt 00:02:22]} 19. Bxg5 {[%clk 01:27:02]} {[%emt
00:00:10]} Nh7 {[%clk 01:23:10]} {[%emt 00:00:24]} 20. Bxe7 {[%clk 01:26:35]}
{[%emt 00:00:56]} Qxe7 {[%clk 01:22:10]} {[%emt 00:01:31]} 21. Kh2 {[%clk
01:25:38]} {[%emt 00:01:26]} Kh8 {[%clk 01:17:13]} {[%emt 00:05:26]} 22. Rg1
{[%clk 01:25:10]} {[%emt 00:00:56]} Rg8 {[%clk 01:13:25]} {[%emt 00:04:20]} 23.
Rg2 {[%clk 01:24:55]} {[%emt 00:00:45]} g6 {[%clk 01:13:39]} {[%emt 00:00:17]}
24. Qg1 {[%clk 01:24:14]} {[%emt 00:01:10]} Bd7 {[%clk 01:13:34]} {[%emt
00:00:36]} 25. Ra7 {[%clk 01:23:57]} {[%emt 00:00:48]} gxf5 {[%clk 01:12:59]}
{[%emt 00:01:04]} 26. Nxf5 {[%clk 01:23:30]} {[%emt 00:00:56]} Qe6 {[%clk
01:10:41]} {[%emt 00:02:48]} 27. Bg4 {[%clk 01:23:37]} {[%emt 00:00:23]} Rbd8
{[%clk 01:08:46]} {[%emt 00:02:26]} 28. Ne3 {[%clk 01:20:29]} {[%emt 00:03:37]}
Qe8 {[%clk 01:06:11]} {[%emt 00:03:04]} 29. Nd5 {[%clk 01:20:04]} {[%emt
00:00:56]} Bxg4 {[%clk 01:05:15]} {[%emt 00:01:27]} 30. Rxg4 {[%clk 01:20:16]}
{[%emt 00:00:18]} Rxg4 {[%clk 01:05:03]} {[%emt 00:00:42]} 31. Qxg4 {[%clk
01:20:33]} {[%emt 00:00:12]} Qe6 {[%clk 01:04:00]} {[%emt 00:01:12]} 32. Qh5
{[%emt 00:03:12]} Qg6 {[%clk 01:02:40]} 33. Qf3 {[%clk 01:20:00]} {[%emt
00:00:31]} Rg8 {[%clk 00:59:37]} {[%emt 00:03:34]} 34. Qf2 {[%clk 01:19:41]}
{[%emt 00:00:49]} Rf8 {[%clk 00:57:29]} {[%emt 00:02:38]} 35. Rd7 {[%clk
01:15:43]} {[%emt 00:04:27]} f5 {[%clk 00:57:21]} {[%emt 00:00:38]} 36. Ne7
{[%clk 01:15:17]} {[%emt 00:00:57]} Qe6 {[%clk 00:56:35]} {[%emt 00:01:03]} 37.
Rc7 {[%clk 01:15:12]} {[%emt 00:00:45]} fxe4 {[%clk 00:53:50]} {[%emt
00:03:18]} 38. Qg3 {[%clk 01:15:10]} {[%emt 00:00:31]} Rf6 {[%clk 00:52:59]}
{[%emt 00:01:22]} 39. Rc8+ {[%clk 01:15:08]} {[%emt 00:00:32]} Nf8 {[%clk
00:52:52]} {[%emt 00:00:36]} 40. Rxf8+ {[%clk 01:13:35]} {[%emt 00:02:04]} Rxf8
{[%clk 00:52:08]} {[%emt 00:01:14]} 41. Ng6+ {[%clk 01:13:53]} {[%emt
00:00:11]} 1-0

[Event "ODJM C 2024"]
[Site "Willingen GER"]
[Date "2024.05.22"]
[Round "6"]
[White "Steinkamp, Matthis"]
[Black "Martens, Nele"]
[Result "1-0"]
[Termination "normal"]
[Board "37"]
[WhiteElo "1489"]
[BlackElo "762"]
[WhiteClock "01:00:30"]
[BlackClock "00:46:46"]
[PlyCount "119"]
[WhiteFideId "16287622"]
[BlackFideId "533001952"]
[EventCountry "GER"]
[EventRounds "9"]
[EventType "swiss"]
[EventDate "2024.05.18"]

1. d4 {[%clk 01:30:58]} {[%emt 00:01:06]} Nf6 {[%clk 01:30:44]} 2. Nc3 {[%clk
01:31:15]} d5 {[%clk 01:30:50]} 3. Bf4 {[%clk 01:31:36]} Bf5 {[%clk 01:30:25]}
4. f3 {[%clk 01:31:51]} e6 {[%clk 01:30:07]} 5. g4 {[%clk 01:32:07]} Bg6 {[%clk
01:30:10]} 6. h4 {[%clk 01:32:23]} h6 {[%clk 01:30:20]} 7. e3 {[%clk 01:32:42]}
Bd6 {[%clk 01:30:11]} 8. Nh3 {[%clk 01:32:42]} Nc6 {[%clk 01:26:03]} 9. a3
{[%clk 01:32:51]} Bxf4 {[%clk 01:24:31]} 10. Nxf4 {[%clk 01:32:52]} Qd7 {[%clk
01:21:44]} 11. Bd3 {[%clk 01:32:55]} Bxd3 {[%clk 01:21:19]} 12. Qxd3 {[%clk
01:33:12]} O-O-O {[%clk 01:20:21]} 13. O-O-O {[%clk 01:33:03]} g5 {[%clk
01:16:55]} 14. Nfe2 {[%clk 01:32:09]} Qd6 {[%clk 01:16:08]} 15. Rh3 {[%clk
01:31:51]} Rh7 {[%clk 01:14:11]} 16. hxg5 {[%clk 01:31:47]} hxg5 {[%clk
01:14:15]} 17. Rxh7 {[%clk 01:31:26]} Nxh7 {[%clk 01:14:08]} 18. Qxh7 {[%clk
01:31:42]} Rd7 {[%clk 01:13:29]} 19. Qg8+ {[%clk 01:31:25]} Nd8 {[%clk
01:12:40]} 20. Qxg5 {[%clk 01:27:24]} c6 {[%clk 01:11:31]} 21. Nf4 {[%clk
01:26:28]} b6 {[%clk 01:03:27]} 22. Nce2 {[%clk 01:23:53]} c5 {[%clk 01:01:47]}
23. c3 {[%clk 01:22:53]} cxd4 {[%clk 01:00:35]} 24. exd4 {[%clk 01:22:05]} Nc6
{[%clk 00:59:34]} 25. b4 {[%clk 01:22:17]} a5 {[%clk 00:58:53]} 26. Nd3 {[%clk
01:22:15]} a4 {[%clk 00:57:46]} 27. Kb2 {[%clk 01:21:58]} Re7 {[%clk 00:56:36]}
28. b5 {[%clk 01:21:46]} Na5 {[%clk 00:56:19]} 29. Nb4 {[%clk 01:19:43]} Nc4+
{[%clk 00:55:32]} 30. Ka2 {[%clk 01:19:46]} e5 {[%clk 00:54:51]} 31. Qg8+
{[%clk 01:13:44]} Kd7 {[%clk 00:53:39]} 32. Qa8 {[%clk 01:10:22]} Re8 {[%clk
00:53:14]} 33. Qb7+ {[%clk 01:07:48]} Ke6 {[%clk 00:53:22]} 34. Qxd5+ {[%clk
01:07:57]} Qxd5 {[%clk 00:53:24]} 35. Nxd5 {[%clk 01:07:33]} Kxd5 {[%clk
00:53:08]} 36. dxe5+ {[%clk 01:07:39]} Kc5 {[%clk 00:52:57]} 37. f4 {[%clk
01:07:24]} Kxb5 {[%clk 00:53:04]} 38. Nd4+ {[%clk 01:07:05]} Kc5 {[%clk
00:52:52]} 39. Re1 {[%clk 01:06:32]} Nd2 {[%clk 00:52:33]} 40. f5 {[%clk
01:05:55]} {[%emt 00:00:06]} Kd5 {[%clk 00:51:51]} {[%emt 00:01:06]} 41. e6
{[%clk 01:04:42]} {[%emt 00:01:43]} fxe6 {[%clk 00:51:56]} {[%emt 00:00:25]}
42. fxe6 {[%clk 01:03:49]} {[%emt 00:01:23]} Kc4 {[%clk 00:50:25]} {[%emt
00:02:01]} 43. e7 {[%clk 01:03:21]} {[%emt 00:00:58]} Kxc3 {[%clk 00:50:27]}
{[%emt 00:00:27]} 44. Nb5+ {[%clk 01:03:18]} {[%emt 00:00:34]} Kc4 {[%clk
00:50:24]} {[%emt 00:00:32]} 45. Nd6+ {[%clk 01:03:19]} {[%emt 00:00:30]} Kd3
{[%clk 00:50:24]} {[%emt 00:00:29]} 46. Nxe8 {[%clk 01:02:50]} {[%emt
00:00:59]} Nf3 {[%clk 00:50:18]} {[%emt 00:00:37]} 47. Rb1 {[%clk 01:01:44]}
{[%emt 00:01:36]} Kc4 {[%clk 00:50:00]} {[%emt 00:00:48]} 48. Rxb6 {[%clk
01:01:55]} {[%emt 00:00:19]} Kc5 {[%clk 00:49:47]} {[%emt 00:00:42]} 49. Rh6
{[%clk 01:01:48]} {[%emt 00:00:37]} Ng5 {[%clk 00:49:14]} {[%emt 00:01:02]} 50.
Nd6 {[%clk 01:01:26]} {[%emt 00:00:54]} Kd5 {[%clk 00:48:40]} {[%emt 00:01:04]}
51. e8=Q {[%clk 01:01:34]} {[%emt 00:00:22]} Kd4 {[%clk 00:47:25]} {[%emt
00:01:45]} 52. Qxa4+ {[%clk 01:01:39]} {[%emt 00:00:25]} Ke5 {[%clk 00:47:14]}
{[%emt 00:00:40]} 53. Qb5+ {[%clk 01:01:41]} {[%emt 00:00:29]} Kf4 {[%clk
00:47:16]} {[%emt 00:00:25]} 54. Qf5+ {[%clk 01:01:12]} {[%emt 00:01:02]} Kg3
{[%clk 00:46:59]} {[%emt 00:00:47]} 55. Qxg5 {[%clk 01:00:14]} {[%emt
00:01:29]} Kf3 {[%clk 00:47:05]} {[%emt 00:00:24]} 56. Rh3+ {[%clk 01:00:22]}
{[%emt 00:00:22]} Kg2 {[%clk 00:47:03]} {[%emt 00:00:32]} 57. Qe3 {[%clk
00:59:55]} {[%emt 00:00:53]} Kf1 {[%clk 00:47:07]} {[%emt 00:00:29]} 58. Ne4
{[%clk 00:59:52]} {[%emt 00:00:32]} Kg2 {[%clk 00:47:14]} {[%emt 00:00:23]} 59.
Rg3 {[%clk 01:00:07]} {[%emt 00:00:16]} Kh1 {[%clk 00:46:46]} {[%emt 00:00:58]}
60. Qg1+ {[%clk 01:00:30]} {[%emt 00:00:06]} 1-0

[Event "ODJM C 2024"]
[Site "Willingen GER"]
[Date "2024.05.22"]
[Round "6"]
[White "Kanno, Gabriel"]
[Black "Lohrmann, Flavia"]
[Result "1/2-1/2"]
[Termination "normal"]
[Board "39"]
[WhiteElo "884"]
[BlackElo "1455"]
[WhiteClock "01:05:15"]
[BlackClock "00:15:17"]
[PlyCount "97"]
[WhiteFideId "34623973"]
[BlackFideId "12982865"]
[EventCountry "GER"]
[EventRounds "9"]
[EventType "swiss"]
[EventDate "2024.05.18"]

1. e4 {[%clk 01:30:59]} {[%emt 00:00:37]} e5 {[%clk 01:30:55]} 2. Nf3 {[%clk
01:31:21]} Nc6 {[%clk 01:31:19]} 3. d4 {[%clk 01:31:35]} Nf6 {[%clk 01:26:29]}
4. d5 {[%clk 01:30:06]} Nb4 {[%clk 01:24:20]} 5. Bg5 {[%clk 01:30:13]} Be7
{[%clk 01:23:50]} 6. Nc3 {[%clk 01:30:22]} d6 {[%clk 01:23:51]} 7. h3 {[%clk
01:30:42]} c6 {[%clk 01:22:27]} 8. dxc6 bxc6 9. Be2 {[%clk 01:29:17]} d5 {[%clk
01:20:34]} 10. Nxe5 {[%clk 01:27:29]} dxe4 11. Bxf6 {[%clk 01:26:34]} Bxf6
{[%clk 01:18:56]} 12. Qxd8+ {[%clk 01:24:45]} Bxd8 {[%clk 01:18:41]} 13. O-O
{[%clk 01:25:00]} O-O {[%clk 01:15:21]} 14. Rad1 {[%clk 01:24:16]} Bf6 {[%clk
01:13:44]} 15. Nc4 {[%clk 01:22:47]} Nxc2 {[%clk 01:13:41]} 16. Nxe4 {[%clk
01:22:21]} Bd4 {[%clk 01:06:41]} 17. Rd2 {[%clk 01:21:06]} Re8 {[%clk
01:06:29]} 18. Ned6 {[%clk 01:21:00]} Re7 {[%clk 00:57:00]} 19. Rxc2 {[%clk
01:19:36]} Be6 {[%clk 00:53:56]} 20. Rd2 {[%clk 01:19:23]} Bf6 {[%clk
00:49:53]} 21. Rfd1 {[%clk 01:18:49]} Rd7 {[%clk 00:49:00]} 22. Bg4 {[%clk
01:18:36]} Bxg4 {[%clk 00:47:29]} 23. hxg4 {[%clk 01:17:07]} c5 {[%clk
00:43:40]} 24. Nb5 {[%clk 01:14:27]} Rb7 {[%clk 00:41:05]} 25. Nba3 {[%clk
01:12:33]} h6 26. Nd6 {[%clk 01:12:40]} Rd7 {[%clk 00:37:32]} 27. f4 {[%clk
01:10:59]} Bd4+ {[%clk 00:37:22]} 28. Rxd4 {[%clk 01:10:43]} cxd4 {[%clk
00:37:42]} 29. Rxd4 {[%clk 01:11:04]} Rb8 {[%clk 00:37:26]} 30. Nac4 {[%clk
01:11:18]} Rb4 {[%clk 00:37:11]} 31. b3 {[%clk 01:11:19]} a5 {[%clk 00:37:26]}
{[%emt 00:00:07]} 32. Nf5 {[%clk 01:10:55]} {[%emt 00:00:53]} Rxd4 {[%clk
00:33:55]} {[%emt 00:04:01]} 33. Nxd4 {[%clk 01:11:18]} {[%emt 00:00:07]} Rb7
{[%clk 00:33:02]} {[%emt 00:01:23]} 34. Kf2 {[%clk 01:11:11]} {[%emt 00:00:37]}
a4 {[%clk 00:31:32]} {[%emt 00:02:01]} 35. Kg3 {[%clk 01:11:11]} {[%emt
00:00:29]} Rd7 {[%emt 00:01:43]} 36. Nb5 {[%clk 01:10:51]} {[%emt 00:00:01]}
Rd3+ {[%clk 00:30:37]} {[%emt 00:01:01]} 37. Kh2 {[%clk 01:10:33]} {[%emt
00:00:47]} axb3 {[%clk 00:30:08]} {[%emt 00:01:00]} 38. axb3 {[%clk 01:09:21]}
{[%emt 00:01:42]} Rxb3 {[%clk 00:30:24]} {[%emt 00:00:14]} 39. Nbd6 {[%clk
01:09:09]} {[%emt 00:00:42]} Rd3 {[%clk 00:24:55]} {[%emt 00:05:59]} 40. g3
{[%clk 01:09:24]} {[%emt 00:00:15]} f6 {[%clk 00:25:08]} {[%emt 00:00:18]} 41.
Nf5 {[%clk 01:08:32]} {[%emt 00:01:21]} Kh7 {[%clk 00:24:09]} {[%emt 00:01:29]}
42. Kh3 {[%clk 01:08:02]} {[%emt 00:01:00]} g6 {[%clk 00:23:32]} {[%emt
00:01:07]} 43. Nh4 {[%clk 01:07:30]} {[%emt 00:01:02]} g5 {[%clk 00:21:56]}
{[%emt 00:02:06]} 44. Nf5 {[%clk 01:07:32]} {[%emt 00:00:28]} gxf4 {[%clk
00:21:46]} {[%emt 00:00:40]} 45. Kg2 {[%clk 01:07:23]} {[%emt 00:00:39]} f3+
{[%clk 00:21:03]} {[%emt 00:01:14]} 46. Kf2 {[%clk 01:05:32]} {[%emt 00:02:21]}
Rd5 {[%clk 00:18:16]} {[%emt 00:03:17]} 47. Kxf3 {[%clk 01:05:18]} {[%emt
00:00:43]} Rc5 {[%clk 00:15:21]} {[%emt 00:03:25]} 48. Nce3 {[%clk 01:05:09]}
{[%emt 00:00:39]} Kg6 {[%clk 00:15:17]} {[%emt 00:00:33]} 49. Kf4 {[%clk
01:05:15]} {[%emt 00:00:25]} 1/2-1/2